County Seats Of North Carolina - Statistics

General Stats
  • This quiz has been taken 326 times
  • The average score is 66 of 100
Answer Stats
County Seat % Correct
Buncombe Asheville
95%
Mecklenburg Charlotte
92%
Forsyth Winston-Salem
90%
Wake Raleigh
89%
New Hanover Wilmington
88%
Cumberland Fayetteville
87%
Guilford Greensboro
87%
Gaston Gastonia
85%
Pitt Greenville
85%
Vance Henderson
82%
Northampton Jackson
82%
Cabarrus Concord
81%
Watauga Boone
80%
Henderson Hendersonville
80%
Iredell Statesville
80%
Onslow Jacksonville
78%
Caldwell Lenoir
78%
Randolph Asheboro
77%
Lincoln Lincolnton
76%
Pasquotank Elizabeth City
75%
Robeson Lumberton
75%
Cherokee Murphy
75%
Craven New Bern
75%
Beaufort Washington
75%
Alamance Graham
73%
Ashe Jefferson
73%
Dare Manteo
73%
Alleghany Sparta
73%
Davidson Lexington
71%
Burke Morganton
71%
Nash Nashville
71%
Lee Sanford
71%
Cleveland Shelby
71%
Carteret Beaufort
70%
Macon Franklin
70%
Orange Hillsborough
70%
Lenoir Kinston
70%
Catawba Newton
70%
Johnston Smithfield
70%
Richmond Rockingham
69%
Rutherford Rutherfordton
69%
Rowan Salisbury
69%
Granville Oxford
68%
Caswell Yanceyville
68%
Chatham Pittsboro
67%
Anson Wadesboro
67%
Wilkes Wilkesboro
67%
Yadkin Yadkinville
67%
Davie Mocksville
66%
Haywood Waynesville
66%
Transylvania Brevard
65%
McDowell Marion
65%
Union Monroe
65%
Person Roxboro
65%
Alexander Taylorsville
64%
Columbus Whiteville
64%
Chowan Edenton
63%
Montgomery Troy
63%
Edgecombe Tarboro
62%
Brunswick Bolivia
61%
Gates Gatesville
61%
Harnett Lillington
61%
Avery Newland
61%
Jackson Sylva
61%
Stanly Albemarle
60%
Polk Columbus
60%
______ Durham
60%
Moore Carthage
59%
Clay Hayesville
59%
Perquimans Hertford
58%
Scotland Laurinburg
58%
Bertie Windsor
58%
Sampson Clinton
57%
Surry Dobson
57%
Wayne Goldsboro
57%
Bladen Elizabethtown
56%
Greene Snow Hill
56%
Warren Warrenton
56%
Swain Bryson City
55%
Pender Burgaw
55%
Duplin Kenansville
55%
Madison Marshall
55%
Hoke Raeford
55%
Graham Robbinsville
55%
Hyde Swan Quarter
55%
Yancey Burnsville
54%
Stokes Danbury
54%
Franklin Louisburg
54%
Hertford Winton
54%
Jones Trenton
53%
Tyrrell Columbia
52%
Mitchell Bakersville
51%
Pamlico Bayboro
50%
Washington Plymouth
49%
Rockingham Wentworth
46%
______ Wilson
46%
______ Camden
45%
Martin Williamston
45%
_________ Currituck
40%
_______ Halifax
28%
No matching quizzes found
Score Distribution
Percent of People with Each Score
Percentile by Number Answered
Your Score History
You have not taken this quiz